K nalizu mirovoj energetičeskoj situacii.

Skúmanie dynamiky svetovej tepelno-energetickej situácie. Analýza situácie na základe bilancií a štruktúrnych koeficientov. Analýza dynamiky koeficienta "plynulej sebestačnosti" v zdrojoch nafty. Analýza dynamiky koeficienta "importnej náročnosti" pre zdroje nafty. Analýza dynamiky spotreby na zákla...

Full description

Saved in:
Bibliographic Details
Main Author: Karnauch, V.
Format: Book Chapter
Language:Russian
Subjects:
Tags: Add Tag
No Tags, Be the first to tag this record!

MARC

LEADER 00000naa a2200000 4500
001 r010586
005 20221130113213.4
041 0 |a rus 
044 |a [SU] 
245 1 0 |a K nalizu mirovoj energetičeskoj situacii.  |c V. Karnauch 
520 |a Skúmanie dynamiky svetovej tepelno-energetickej situácie. Analýza situácie na základe bilancií a štruktúrnych koeficientov. Analýza dynamiky koeficienta "plynulej sebestačnosti" v zdrojoch nafty. Analýza dynamiky koeficienta "importnej náročnosti" pre zdroje nafty. Analýza dynamiky spotreby na základe koeficienta elastičnosti. 
610 2 0 |a energetika 
610 2 0 |a hospodárstvo svetové 
610 2 0 |a zdroje energetické 
610 2 0 |a nafta 
610 2 0 |a dovoz 
610 2 0 |a spotreba energie 
100 1 |a Karnauch, V.